Régions viticoles françaises - Carte Quiz - Statistiques

Statistiques générales
  • Ce quiz a été pris 1 739 fois
  • Le résultat moyen est 9 sur 13
Réponses sur la Carte
Les réponses sont colorées sur une échelle allant du rouge au vert en fonction du pourcentage des utilisateurs qui les ont devinées à leur premier essai. Vous pouvez retrouver ces pourcentages ci-dessous.
 
Statistiques - réponses
Réponse % Correct
Alsace
92%
Bordeaux
88%
Champagne
83%
Vallée de la Loire
82%
Languedoc-Roussillon
76%
Provence
75%
Sud-Ouest
72%
Bourgogne
70%
Dordogne
62%
Chablis
61%
Rhône (méridional)
50%
Rhône (septentrional)
43%
Vallée du Rhône
43%
Aucun quiz correspondant
Distribution des résultats
% des personnes avec chaque résultat
Percentile par nombre de réponses
Votre historique - résultats
Vous n’avez pas pris ce quiz